[Event "GER-chT U20 Girls"]
[Site "Borken"]
[Date "2016.12.29"]
[Round "5.4"]
[White "Mylke, Sandy Michelle"]
[Black "Henke, Hanna"]
[Result "0-1"]
[WhiteElo "1061"]
[BlackElo "1268"]
[PlyCount "68"]
[EventDate "2016.12.27"]
[EventType "team-swiss"]
[EventRounds "7"]
[EventCountry "GER"]
[SourceTitle "EXT 2018"]
[Source "ChessBase"]
[SourceDate "2017.10.13"]
[SourceVersion "1"]
[SourceVersionDate "2017.10.13"]
[SourceQuality "1"]
[WhiteTeam "Leegebruch"]
[BlackTeam "Karlsruhe SF"]
[WhiteTeamCountry "GER"]
[BlackTeamCountry "GER"]

1. e4 e5 2. Nf3 Nc6 3. Bb5 Nf6 4. d3 d6 5. 0-0 Bg4 6. Nbd2 h5 7. h3 Be6 8. Re1 Rg8 9. Nf1 Nh7 10. Ng3 g5 11. Nxh5 g4 12. hxg4 Bxg4 13. Ng3 Ng5 14. Bxg5 Rxg5 15. c3 Bh6 16. Nf5 Rg6 17. b4 Bh3 18. N3h4 Qg5 19. a4 Bxg2 20. Ng3 Qxh4 21. Kxg2 Bf4 22. Qf3 0-0-0 23. Rh1 Qf6 24. Rh3 Ne7 25. Kf1 Rdg8 26. Ke1 Qg7 27. Nh5 Qf8 28. Nxf4 exf4 29. Qxf4 Rg1+ 30. Ke2 Rxa1 31. Qe3 Ra2+ 32. Kf3 Qg7 33. Qxa7 Qf6+ 34. Ke3 Qxf2# 0-1

[Event "GER-chT U18 Girls"]
[Site "Karlsruhe"]
[Date "2015.05.10"]
[Round "7.1"]
[White "Henke, Hanna"]
[Black "Kuemmel, Tina"]
[Result "1-0"]
[WhiteElo "1305"]
[BlackElo "1381"]
[PlyCount "111"]
[EventDate "2015.05.07"]
[EventType "team-swiss"]
[EventRounds "7"]
[EventCountry "GER"]
[SourceTitle "EXT 2017"]
[Source "ChessBase"]
[SourceDate "2016.10.25"]
[SourceVersion "1"]
[SourceVersionDate "2016.10.25"]
[SourceQuality "1"]
[WhiteTeam "Karlsruhe GG (W)"]
[BlackTeam "Koethen Ludwigs (W)"]
[WhiteTeamCountry "GER"]
[BlackTeamCountry "GER"]

1. e4 e6 2. d4 d5 3. Nc3 Nf6 4. Bg5 Be7 5. Nf3 Nxe4 6. Nxe4 dxe4 7. Bxe7 Qxe7 8. Ne5 Qb4+ 9. c3 Qxb2 10. Rc1 Qxa2 11. Qg4 0-0 12. Qxe4 Qd5 13. Qh4 Nd7 14. Bd3 f5 15. Bc4 Qd6 16. Nf3 Nf6 17. 0-0 Qc6 18. Bb3 Qe4 19. Qg3 Qg4 20. Qxc7 Nh5 21. Ne5 Nf4 22. Nxg4 Ne2+ 23. Kh1 Nxc1 24. Rxc1 fxg4 25. d5 exd5 26. Bxd5+ Kh8 27. Qe7 Bf5 28. Qxb7 Rfe8 29. Qxa8 Rxa8 30. Bxa8 Kg8 31. c4 Kf8 32. c5 Ke7 33. Rd1 Bc8 34. c6 a6 35. Bb7 Bf5 36. Bxa6 h6 37. c7 h5 38. c8Q Bxc8 39. Bxc8 Kf6 40. h3 gxh3 41. Bxh3 Kg6 42. g4 hxg4 43. Bxg4 Kf6 44. Rd5 Kf7 45. Rd6 Ke7 46. Rg6 Kf7 47. Bf5 Kg8 48. Kg2 Kf7 49. Kf3 Kg8 50. Ke4 Kh7 51. Ke5 Kg8 52. Ke6 Kf8 53. Kd7 Kf7 54. Rd6 Kf8 55. Ke6 Kg8 56. Rd8# 1-0

[Event "GER-chT U14 Girls"]
[Site "Magdeburg"]
[Date "2012.12.30"]
[Round "7.4"]
[White "Wang, Yanru"]
[Black "Henke, Hanna"]
[Result "1-0"]
[WhiteElo "1413"]
[BlackElo "891"]
[PlyCount "127"]
[EventDate "2012.12.27"]
[EventType "team-swiss"]
[EventRounds "7"]
[EventCountry "GER"]
[SourceTitle "EXT 2014"]
[Source "ChessBase"]
[SourceDate "2013.11.20"]
[SourceVersion "1"]
[SourceVersionDate "2013.11.20"]
[SourceQuality "1"]
[WhiteTeam "Oesede Georgsmarienhuette"]
[BlackTeam "Karlsruhe 1853"]
[WhiteTeamCountry "GER"]
[BlackTeamCountry "GER"]

1. f4 d5 2. b3 Bg4 3. Bb2 Nc6 4. Nf3 Bxf3 5. exf3 e6 6. Bd3 Nf6 7. Nc3 Bc5 8. Na4 Bd6 9. g3 0-0 10. 0-0 a6 11. Re1 Re8 12. Be5 b5 13. Nb2 Rb8 14. Bxd6 Qxd6 15. c3 Ra8 16. Bc2 d4 17. Nd3 e5 18. fxe5 Nxe5 19. Kg2 Ng6 20. c4 c5 21. Nf2 Re6 22. Rxe6 Qxe6 23. Qf1 b4 24. Re1 Qc6 25. Ne4 h6 26. Nxf6+ Qxf6 27. Re4 h5 28. Qe1 Qc6 29. d3 Kh7 30. Kf2 Kh6 31. Bd1 Kh7 32. f4 Nf8 33. Bf3 Qc8 34. Kg2 Kh6 35. Re5 g6 36. Bxa8 Qxa8+ 37. Kf2 Ne6 38. Qc1 Kh7 39. f5 gxf5 40. Rxf5 Kg6 41. Re5 Qb8 42. Qe1 Ng5 43. Rxc5 Qb7 44. Rd5 Qc6 45. Qe5 f6 46. Qf5+ Kh6 47. h4 Nf7 48. Qxh5+ Kg7 49. Qg4+ Kf8 50. Qd7 Qxd7 51. Rxd7 Ne5 52. Rxd4 Ke7 53. Ke3 Nc6 54. Re4+ Kf7 55. Kf4 Nd8 56. h5 Kg7 57. Kf5 Kh6 58. g4 Nf7 59. Re6 Nd8 60. Rxf6+ Kg7 61. h6+ Kh7 62. g5 Kg8 63. g6 Kh8 64. Rf8# 1-0

[Event "GER-chT U18 Girls"]
[Site "Germany"]
[Date "2012.05.06"]
[Round "7.2"]
[White "Henke, Hanna"]
[Black "Mehling, Franziska"]
[Result "1/2-1/2"]
[WhiteElo "916"]
[BlackElo "1691"]
[PlyCount "40"]
[EventDate "2012.05.04"]
[EventType "team-swiss"]
[EventRounds "7"]
[EventCountry "GER"]
[SourceTitle "EXT 2014"]
[Source "ChessBase"]
[SourceDate "2013.11.20"]
[SourceVersion "1"]
[SourceVersionDate "2013.11.20"]
[SourceQuality "1"]
[WhiteTeam "Karlsruhe GG (W)"]
[BlackTeam "Karlstadt JSG (W)"]
[WhiteTeamCountry "GER"]
[BlackTeamCountry "GER"]

1. e4 c5 2. Nf3 d6 3. Nc3 Nf6 4. Bb5+ Bd7 5. Bxd7+ Qxd7 6. 0-0 g6 7. d3 Bg7 8. Bg5 Nc6 9. Re1 0-0 10. e5 dxe5 11. Nxe5 Nxe5 12. Rxe5 b6 13. Qe2 e6 14. Qf3 Nh5 15. Ree1 f5 16. Ne2 Bxb2 17. Rab1 Bg7 18. Ng3 Nxg3 19. Qxg3 Rfe8 20. Qh4 Qd4 1/2-1/2

[Event "GER-chT U18 Girls"]
[Site "Germany"]
[Date "2012.05.04"]
[Round "3.2"]
[White "Henke, Hanna"]
[Black "Kluge, Leyla"]
[Result "0-1"]
[WhiteElo "916"]
[BlackElo "1372"]
[PlyCount "88"]
[EventDate "2012.05.04"]
[EventType "team-swiss"]
[EventRounds "7"]
[EventCountry "GER"]
[SourceTitle "EXT 2014"]
[Source "ChessBase"]
[SourceDate "2013.11.20"]
[SourceVersion "1"]
[SourceVersionDate "2013.11.20"]
[SourceQuality "1"]
[WhiteTeam "Karlsruhe GG (W)"]
[BlackTeam "Aue CWG (W)"]
[WhiteTeamCountry "GER"]
[BlackTeamCountry "GER"]

1. e4 c5 2. Nf3 Nc6 3. Bc4 g6 4. Ng5 e6 5. d3 Bg7 6. Nc3 Nf6 7. Nf3 0-0 8. Bg5 d6 9. 0-0 a6 10. a3 b5 11. Ba2 Qc7 12. Re1 Bb7 13. a4 b4 14. Ne2 Nd7 15. Rb1 Nde5 16. Nxe5 Nxe5 17. Ng3 Rac8 18. Qd2 Rfe8 19. Ra1 a5 20. Bc4 Nxc4 21. dxc4 Bxb2 22. Rab1 Bc3 23. Qc1 Bxe1 24. Qxe1 d5 25. Bh6 dxc4 26. c3 Rcd8 27. cxb4 cxb4 28. Qe2 Rd7 29. Qf3 Red8 30. h3 f5 31. Qe3 fxe4 32. h4 c3 33. Rc1 c2 34. Qb3 Rd1+ 35. Rxd1 cxd1Q+ 36. Qxd1 Rxd1+ 37. Kh2 Qc2 38. Be3 Qxa4 39. Nxe4 Bxe4 40. f3 Bf5 41. Bh6 Qc6 42. Bg5 Qc7+ 43. g3 Qc2+ 44. Bd2 Qxd2# 0-1

[Event "GER-chT U18 Girls"]
[Site "Germany"]
[Date "2011.05.15"]
[Round "7.3"]
[White "Henke, Hanna"]
[Black "Muenzner, Jasmin"]
[Result "1-0"]
[WhiteElo "800"]
[BlackElo "1100"]
[PlyCount "141"]
[EventDate "2011.05.13"]
[EventType "team-swiss"]
[EventRounds "7"]
[EventCountry "GER"]
[SourceTitle "EXT 2012"]
[Source "ChessBase"]
[SourceDate "2011.11.24"]
[SourceVersion "1"]
[SourceVersionDate "2011.11.24"]
[SourceQuality "1"]
[WhiteTeam "Goethe (W)"]
[BlackTeam "Aue CWG (W)"]
[WhiteTeamCountry "GER"]
[BlackTeamCountry "GER"]

1. e4 c5 2. Nf3 e6 3. c3 a6 4. d4 cxd4 5. cxd4 b5 6. Nc3 Bb7 7. Bg5 Be7 8. Bd3 Bxg5 9. Nxg5 Qxg5 10. Qc1 Qd8 11. 0-0 d5 12. exd5 exd5 13. Re1+ Ne7 14. Qg5 g6 15. Qf6 Rg8 16. Re2 Nbc6 17. Rae1 Kd7 18. Qxf7 Qf8 19. Qe6+ Kd8 20. Qd6+ Ke8 21. Qc7 Kf7 22. Qxb7 Ra7 23. Rxe7+ Nxe7 24. Qxa7 Qe8 25. Nxd5 Kf8 26. Rxe7 Qd8 27. Rf7+ Ke8 28. Qe7+ Qxe7 29. Rxe7+ Kf8 30. h3 Rg7 31. Rxg7 Kxg7 32. Nc7 b4 33. a3 bxa3 34. bxa3 a5 35. a4 Kf6 36. d5 Ke5 37. Bc2 Kd6 38. Nb5+ Kxd5 39. Bb3+ Kc5 40. Bd1 Kc4 41. g4 Kd3 42. Kg2 Ke4 43. Kg3 Ke5 44. f4+ Kf6 45. Kh4 h6 46. g5+ hxg5+ 47. fxg5+ Kg7 48. Kg4 Kf7 49. h4 Kf8 50. h5 gxh5+ 51. Kxh5 Kg7 52. Bc2 Kh8 53. g6 Kg7 54. Nd4 Kf8 55. Kh6 Kg8 56. Nc6 Kf8 57. Bb3 Ke8 58. Nxa5 Ke7 59. g7 Ke8 60. g8Q+ Kd7 61. Qg6 Ke7 62. Bd1 Kd7 63. Qf6 Kc7 64. Nb3 Kd7 65. a5 Kc7 66. Qe6 Kb7 67. Qd6 Ka7 68. Qc6 Kb8 69. Qd7 Ka8 70. Nc5 Kb8 71. Qb7# 1-0

[Event "GER-chT U18 Girls"]
[Site "Germany"]
[Date "2011.05.14"]
[Round "5.3"]
[White "Caliebe, Nanke"]
[Black "Henke, Hanna"]
[Result "1-0"]
[WhiteElo "858"]
[BlackElo "800"]
[PlyCount "101"]
[EventDate "2011.05.13"]
[EventType "team-swiss"]
[EventRounds "7"]
[EventCountry "GER"]
[SourceTitle "EXT 2012"]
[Source "ChessBase"]
[SourceDate "2011.11.24"]
[SourceVersion "1"]
[SourceVersionDate "2011.11.24"]
[SourceQuality "1"]
[WhiteTeam "Altenholz Gymn (W)"]
[BlackTeam "Goethe (W)"]
[WhiteTeamCountry "GER"]
[BlackTeamCountry "GER"]

1. d4 d5 2. c4 dxc4 3. e4 Nc6 4. Nf3 Nf6 5. Nc3 Bg4 6. Be3 e5 7. dxe5 Nxe5 8. Qxd8+ Rxd8 9. Nxe5 Bb4 10. Bd2 Bxc3 11. Bxc3 Nxe4 12. Nxg4 Nxc3 13. bxc3 0-0 14. Bxc4 Rfe8+ 15. Ne3 a6 16. 0-0 b5 17. Be2 Rd2 18. Bf3 Rd3 19. c4 bxc4 20. Nxc4 Rc3 21. Rac1 Rd3 22. Rfe1 Red8 23. Ne5 R3d5 24. Bxd5 Rxd5 25. Nd7 h6 26. Re8+ Kh7 27. Re7 f6 28. g3 c5 29. Nxc5 a5 30. Nd7 Rd2 31. Rc8 Rxa2 32. Nxf6+ Kg6 33. Ne4 a4 34. Re5 a3 35. Ra8 Ra1+ 36. Kg2 a2 37. Kf3 Kh7 38. Rea5 Kg6 39. Rxa2 Rxa2 40. Rxa2 Kf5 41. Ra5+ Kg6 42. g4 Kf7 43. Ra6 Kg8 44. g5 hxg5 45. Nxg5 Kf8 46. Kf4 Ke7 47. Ke5 Kf8 48. Ke6 g6 49. Ra7 Kg8 50. Kf6 Kh8 51. Ra8# 1-0